000 00714nam a2200205Ia 4500
003 CO-CtgCURN
005 20250408214602.0
008 190723s9999 xx 000 0 und d
040 _aCO-CtgCURN
_bspa
_ccoctgcurn
082 _a343.820
_bC657d
100 _aCobo Cayon, Juan Fernando
245 0 _aDerecho aeronautico /
_cJuan Fernando Cobo Cayon
260 _aBogotá, Colombia :
_bCodigo de Comercio y Reglamentos aeronauticos,
_c1980
300 _a607 páginas ;
_c20 centímetros
521 _aAREA PROFESIONAL
590 _aPrograma de Derecho_18
650 _aDerecho aereo
942 _cBK
_h343.820
_iC657d
_2ddc
_n0
999 _c28619
_d28619